| 000 | 00570nam a2200169Ia 4500 | ||
|---|---|---|---|
| 003 | GCL | ||
| 008 | 140319s9999 xx 000 0 ara d | ||
| 040 |
_aGCL / _cGCL |
||
| 082 | 0 | 4 |
_aد _b050 _bد هـ |
| 245 | 1 | 0 | _aالهلال اغسطس 1999 : الجوارى والحريم فى الفن الجميل |
| 260 |
_aالقاهرة : _bدار الهلال للطباعة والنشر ، _c1999 |
||
| 650 | 0 | 4 | _aالشعر العربى |
| 650 | 0 | 4 | _aالشعراء العرب |
| 650 | 0 | 4 | _aالثقافة العربية |
| 650 | 0 | 4 | _aالمرأة - مصر |
| 942 |
_2ddc _cCR |
||
| 999 |
_c6725 _d6725 |
||